000 01447nam a22003857a 4500
003 CHAP
005 20220817041148.0
008 971013s1991 r 00010 d
010 _a7701
011 _a8673
035 _a7903
040 _cCHAP
082 _a631.4072
_bG3
100 0 0 _aGandoy Bernasconi, William.
_945547
245 _aManual de laboratorio para el manejo físico de suelos
_b: temporal y riego, parcela y cuenca
260 _aChapingo, Méx. :
_bUACH,
_c1991
300 _a173 p
490 _aColección cuadernos universitarios. Serie Agronomía
_v; 22
590 _aBATCH-UPD
_b10
_c20130110
_lUCH01
_h0206
590 _aBATCH-UPD
_b10
_c20130110
_lUCH01
_h1343
590 _aBATCH-UPD
_b10
_c20130410
_lUCH01
_h0843
590 _aBATCH-UPD
_b10
_c20130914
_lUCH01
_h1525
590 _aCONVERSION
_b10
_c20130109
_lUCH01
_h1305
650 1 4 _aSuelos
_xAnálisis.
_9110204
650 1 4 _aSuelos
_xFísica de.
_9110373
650 1 4 _aSuelos
_xManuales de laboratorio.
_9110426
710 0 _aUACH.
830 0 _aColección cuadernos universitarios Serie agronomía
_v; 22
901 _aBK
942 _cLIBRO
949 _a631.4072 G3
_bBC
_cLIBRO
_d33724000558102
_eLIBRO
_h84004
_i7903
_mD
_si
949 _a631.4072 G3
_bBC
_cLIBRO
_d33724000558128
_eLIBRO
_fc.3
_h84006
_i7903
_mD
_si
949 _a631.4072 G3
_bBC
_cLIBRO
_d33724000903712
_eLIBRO
_fc.2
_h84005
_i7903
_mD
_si
949 _a631.4072 G3
_bBC
_cUACH
_d-17848
_eUACH
_fc.4
_h84007
_i7903
_mD
_si
999 _c7701
_d7701